000 02675nam0a2200373 4500
001 RU\NLR\bibl\1305228
005 20260405133333.0
010 _a978-5-7422-1913-2
_9100
021 _aRU
_b2008-84262
_94912
035 _a(NLR Aleph) 001290748
090 _a557659
_c557659
100 _a20081209d2008 |||y0rusy50 ca
101 0 _arus
102 _aRU
105 _aa |||||||||
200 1 _aЭлементы систем автоматического управления в энергетике. Цифровая микроэлектроника систем управления и релейной защиты
_eучебное пособие для студентов высших учебных заведений, обучающихся по направлению 220100 "Системный анализ и управление"
_fВ.К. Ванин, М.Г. Попов
_gФедерал. агентство по образованию, С.-Петерб. гос. политехн. ун-т, Приоритет. нац. проект "Образование"
210 _aСанкт-Петербург
_cИзд-во Политехнического университета
_d2008
215 _a151 с.
_cил.
_d20
225 1 _aПриоритетные национальные проекты
_iОбразование
225 1 _aИнновационная образовательная программа Санкт-Петербургского государственного политехнического университета
320 _aБиблиогр.: с. 147 (8 назв.)
517 0 _aЦифровая микроэлектроника систем управления и релейной защиты
606 1 _aРелейная защита
_jУчебные издания для высших учебных заведений
_xАппаратура
_91377370
_3RU\NLR\auth\66263983
606 1 _aЭлектроэнергетические системы
_jУчебные издания для высших учебных заведений
_xАвтоматическое управление
_xАппараты и приборы
_92550555
_3RU\NLR\auth\661509288
686 _aЗ27-05-5я73-1
686 _aЗ27-053-5я73-1
700 1 _4070
_7ca
_8rus
_aВанин
_bВ. К.
_f1939-
_gВалерий Кузьмич
_936977
_3RU\NLR\auth\7754045
701 1 _4070
_7ca
_8rus
_aПопов
_bМ. Г.
_cинж.-энергетик
_gМаксим Георгиевич
_936978
_3RU\NLR\auth\7754046
801 0 _aRU
_bNLR
_c20081209
_gRCR
801 1 _aRU
_bNLR
_c20081209
830 _aавт. по кн.
942 _cBOOK
980 _aNB